Henry Ford a FORD

Na minha lista:
Detalhes bibliográficos
Autor principal: Pollard, Michael
Outros Autores: Volhejnová, Veronika
Formato: Livro
Idioma:tcheco
Publicado em: Havlíčkův Brod Fragment 1996
Edição:1. vyd.
Colecção:Příběhy úspěšných
Assuntos:
Tags: Adicionar Tag
Sem tags, seja o primeiro a adicionar uma tag!

MARC

LEADER 00000nam a2200000 4500
001 c019012
005 20230228094807.0
020 |a 80-7200-010-1 
041 0 |a cze 
044 |a CZ 
245 1 0 |a Henry Ford a FORD  |c Michael Pollard ; [Z angl. prel.] Veronika Volhejnová 
250 |a 1. vyd. 
264 1 |a Havlíčkův Brod  |b Fragment  |c 1996 
300 |a 64 s. 
490 1 |a Příběhy úspěšných 
830 0 |a Příběhy úspěšných 
610 2 0 |a automobily 
610 2 0 |a úspech pracovný 
610 2 0 |a priemysel automobilový 
610 2 0 |a dejiny hospodárske 
610 2 0 |a trh 
610 2 0 |a bezpečnosť dopravy 
610 2 0 |a prostredie životné 
610 2 0 |a Ford, H. 
610 2 0 |a FORD 
610 2 0 |a USA 
100 1 |a Pollard, Michael 
700 1 |a Volhejnová, Veronika